Countries with the most Unicorn Start-up Companies - Statistics

General Stats
  • This quiz has been taken 39 times
  • The average score is 17 of 20
Answer Stats
# of
Unicorns
Country % Correct
301 China
100%
487 United States
100%
20 Canada
97%
24 France
97%
16 Germany
97%
8 Japan
97%
30 United Kingdom
97%
12 Brazil
94%
7 Mexico
94%
3 Argentina
91%
7 Australia
91%
103 India
89%
14 South Korea
89%
3 Netherlands
83%
10 Singapore
80%
8 Sweden
80%
12 Indonesia
69%
3 Ireland
63%
30 Israel
60%
5 Switzerland
60%
No matching quizzes found
Score Distribution
Percent of People with Each Score
Percentile by Number Answered
Your Score History
You have not taken this quiz